MARC

Tag First Indicator Second Indicator Subfields
LEADER 00000cam a2200000 a 4500
001 in00001410130
005 20151020060902.0
008 980227s1997 txua bt 000 0 eng d
027 |a SWUTC/98/467404-1 
035 |a (OCoLC)38527362 
035 |9 AHN8092AM 
040 |a CBT  |c CBT  |d TXA  |d UtOrBLW 
049 |a TXAM 
090 |a TA1001  |b .R477 no. 98/467404-1 
245 0 0 |a Megaports and load centers of the future with the Port of Houston as the baseline port /  |c by Arthur P. James [and others]. 
264 1 |a College Station, Tex. :  |b Southwest Region University Transportation Center, Texas Transportation Institute, Texas A & M University ;  |a [Springfield, Va.] :  |b [Available through the National Technical Information Service],  |c [1997] 
300 |a xiii, 203 pages :  |b illustrations ;  |c 28 cm. 
336 |a text  |b txt  |2 rdacontent 
337 |a unmediated  |b n  |2 rdamedia 
338 |a volume  |b nc  |2 rdacarrier 
490 1 |a Research Report SWUTC ;  |v /98/467404-1 
536 |a Supported by general revenues from the State of Texas, and sponsored by the University Transportation Centers Program under grant no.  |b 10727. 
500 |a "September 1997." 
504 |a Includes bibliographical references (pages 200-203). 
650 0 |a Container ships  |x Technological innovations. 
650 0 |a Marine terminals  |x Technological innovations  |z United States. 
650 0 |a Cargo handling  |x Technological innovations  |z United States. 
651 0 |a Port of Houston. 
700 1 |a James, Arthur P. 
710 2 |a Texas Transportation Institute. 
710 2 |a Texas A & M University. 
710 2 |a Southwest Region University Transportation Center (U.S.) 
710 2 |a University Transportation Centers Program (U.S.) 
830 0 |a Research report (Southwest Region University Transportation Center (U.S.)) ;  |v 98/467404-1. 
948 |a c:BLW 
999 |a MARS 
999 f f |s 5a96bec0-c025-3abc-81d4-f7867e8cba42  |i 5ae877b2-935d-3cc0-813d-4d948d1482e0  |t 0 
952 f f |p ric  |a Texas A&M University  |b Rellis Campus  |c Joint Library Facility  |d Remote Storage  |t 0  |e TA1001 .R477 no. 98/467404-1  |h Library of Congress classification  |i unmediated -- volume  |m A14822111840 
998 f f |a TA1001 .R477 no. 98/467404-1  |t 0  |l Remote Storage